• 首页
  • 本馆介绍
  • 公告通知
  • 最新文献
  • 馆藏检索
  • 电子资源
  • 读者导购
  • 参考咨询
  • 我的图书馆
  • 登录
  • 详细信息显示
  • 放入我的书架
  • 预约/预借图书
  • 作者相关作品
  • 分类相关作品
  • 丛书相关作品
  • 出版社相关作品

书目信息

  • 表格格式
  • 工作单格式
  • 卡片格式
题名:
用红色基因 育栋梁之材
    
 
作者: 张雪晶 编著
分册:  
出版信息: 哈尔滨   哈尔滨工程大学出版社  2020.12
页数: 192页
开本: 24cm
丛书名:
单 册:
中图分类: G621.2
科图分类:
主题词: 革命传统教育--小学--教学参考资料
电子资源:
ISBN: 978-7-5661-2913-0
000 00999nam0 2200229 45
001 012001001834
005 20140821140726.0
010    @a978-7-5661-2913-0@dCNY58.00
100    @a20210427d2020 em y0chiy0110 ea
101 0  @achi
102    @aCN@b230000
105    @aa z 000yy
106    @ar
200 1  @a用红色基因 育栋梁之材@Ayong hong se ji yin yu dong liang zhi cai@e红色教育的理念寻根与实践回归@f张雪晶编著
210    @a哈尔滨@c哈尔滨工程大学出版社@d2020.12
215    @a192页@c图,照片@d24cm
330    @a本书遵循习近平总书记“把红色基因传承好,确保红色江山永不变色”与“落实教育立德树人根本任务”的要求,以育红小学71年光荣校史为蓝本,从理论与实践两个层面介绍了新时代红色教育的特点、策略与步骤,分为“塑造红色精神、追忆红色历史、流淌红色故事、培育红色传人、践行红色教育、励志红色传承”六篇二十章五十节。
606 0  @a革命传统教育@x小学@j教学参考资料
690    @aG621.2@v5
701  0 @a张雪晶@Azhang xue jing@4编著
801    @aCN@bAHXH@c20210922
905    @b1249454-8@dG621.2@e1470@f5
    
    用红色基因 育栋梁之材:红色教育的理念寻根与实践回归/张雪晶编著.-哈尔滨:哈尔滨工程大学出版社,2020.12
    192页:图,照片;24cm
    
    
    ISBN 978-7-5661-2913-0:CNY58.00
    本书遵循习近平总书记“把红色基因传承好,确保红色江山永不变色”与“落实教育立德树人根本任务”的要求,以育红小学71年光荣校史为蓝本,从理论与实践两个层面介绍了新时代红色教育的特点、策略与步骤,分为“塑造红色精神、追忆红色历史、流淌红色故事、培育红色传人、践行红色教育、励志红色传承”六篇二十章五十节。
●
相关链接 在E读中查询图书 在五车中查询图书 在当当中查询图书 在豆瓣中查询图书


正题名:用红色基因 育栋梁之材     索取号:G621.2/1470         预约/预借

序号 登录号 条形码 馆藏地/架位号 状态 备注
1 1249454   212494549   第一样本阅览室/ [索取号:G621.2/1470] 在馆    
2 1249455   212494558   教育系资料室/ [索取号:G621.2/1470] 在馆    
3 1249456   212494567   教育系资料室/ [索取号:G621.2/1470] 在馆    
4 1249457   212494576   第四借阅区/ [索取号:G621.2/1470] 在馆    
5 1249458   212494585   第四借阅区/ [索取号:G621.2/1470] 在馆    
唐山师范学院图书馆 欢迎您!
大连网信软件有限公司© 版权所有